Catálogo
 En Linea

Política de la caricia : (Registro nro. 42451)

Detalles MARC
000 -CABECERA
campo de control de longitud fija 00536nam a2200145 a 4500
001 - NÚMERO DE CONTROL
campo de control 000042962
005 - FECHA Y HORA DE LA ÚLTIMA TRANSACCIÓN
campo de control 20201002040530.0
008 - DATOS DE LONGITUD FIJA--INFORMACIÓN GENERAL
campo de control de longitud fija 140213s1996 pr 000 0 spa d
040 ## - FUENTE DE LA CATALOGACIÓN
Centro catalogador/agencia de origen DO-SdBNP
Lengua de catalogación spa
Centro/agencia transcriptor BNPHU
100 1# - ENTRADA PRINCIPAL--NOMBRE DE PERSONA
Nombre de persona Duchesne Winter, Juan
9 (RLIN) 7083
245 10 - MENCIÓN DE TÍTULO
Título Política de la caricia :
Resto del título ensayos sobre corporalidad erotismo literatura y poder /
Mención de responsabilidad, etc. Juan Duchesne Winter.
260 ## - PUBLICACIÓN, DISTRIBUCIÓN, ETC.
Lugar de publicación, distribución, etc. San Juan, Puerto Rico, :
Nombre del editor, distribuidor, etc. Libros Nómadas,
Fecha de publicación, distribución, etc. 1996.
300 ## - DESCRIPCIÓN FÍSICA
Extensión 229 p. ;
Dimensiones 19 cm.
590 ## - NOTA LOCAL (RLIN)
Nota local La biblioteca posee 1 ejemplar autografíado por el autor
Existencias
Estado de retiro Estado de pérdida Restricciones de uso No para préstamo Código de colección Localización permanente Ubicación/localización actual Ubicación en estantería Fecha de adquisición Número de inventario Total de préstamos Signatura topográfica completa Código de barras Fecha visto por última vez Precio válido a partir de Tipo de ítem Koha
      Excluido de préstamo Monografías: Libros y Folletos General General En catalogación 13.02.2014 LF1   42962-10 25.06.2020 25.06.2020 No se presta

Con tecnología Koha